| 000 | 00685nam a22002057a 4500 | ||
|---|---|---|---|
| 999 |
_c58019 _d58019 |
||
| 005 | 20221108155543.0 | ||
| 008 | 210513s2018 enk||||| |||| 00| 0 eng d | ||
| 020 | _a9780230458185 X | ||
| 041 | _aeng | ||
| 080 | _a811.111.1 O-63 | ||
| 245 |
_aOpen Mind: _bIntermediate Student`s book. B1+ / _cMickey Rogers, Joanne Taylore - Knowles, Steve Taylore - Knowles. |
||
| 264 |
_aLondon: _bMacmillan, _c2018. |
||
| 300 |
_a176 p.; _b30 cm. |
||
| 653 | _aინგლისური ენა | ||
| 653 | _aგრამატიკა | ||
| 700 |
_aRogers, Mickey _911778 |
||
| 700 |
_aTaylore - Knowles, Joanne _911781 |
||
| 700 |
_aTaylore - Knowles, Steve _911782 |
||
| 942 |
_2udc _cBK |
||